000
00305nam a22001337a 4500
003
SGT
020
_a
978-0-7923-7423-0
082
_a
511.322
_b
ZIM
100
_a
ZIMMERMANN, H.J.
245
_a
FUZZY SET THEORY AND ITS APPLICATIONS
250
_a
4TH
260
_a
USA
_b
SPRINGER
_c
2001
942
_2
ddc
_c
BK
999
_c
22485
_d
22485